Tracing neural connections with horseradish peroxidase /

Bibliographic Details
Other Authors: Mesulam, M.-Marsel
Format: Book
Language:English
Published: Chichester [England] ; New York : Wiley, [1982]
Series:IBRO handbook series ; v. 1.
Subjects:

MARC

Tag First Indicator Second Indicator Subfields
LEADER 00000pam a2200000 a 4500
001 in00000092517
005 20151008064240.0
008 810901s1982 enka b 00100 eng
010 |a  81014692  
020 |a 0471100285 :  |c $63.00 (est.) 
020 |a 0471100293 (pbk.) :  |c $32.00 
035 |a (OCoLC)07795131 
035 |9 AAK3817AM 
039 0 |a 2  |b 3  |c 3  |d 3  |e 3 
040 |a DLC  |c DLC  |d TXA  |d UtOrBLW 
049 |a TXAM  |c [951998] 
050 0 0 |a QM451  |b .T66 
082 0 |a 599.01/88  |2 19 
245 0 0 |a Tracing neural connections with horseradish peroxidase /  |c edited by M-Marsel Mesulam. 
264 1 |a Chichester [England] ;  |a New York :  |b Wiley,  |c [1982] 
264 4 |c ©1982 
300 |a xvi, 251 pages :  |b illustrations ;  |c 24 cm. 
336 |a text  |b txt  |2 rdacontent 
337 |a unmediated  |b n  |2 rdamedia 
338 |a volume  |b nc  |2 rdacarrier 
490 1 |a IBRO handbook series. Methods in the neurosciences ;  |v v. 1 
500 |a "A Wiley-Interscience publication." 
504 |a Includes bibliographies and index. 
650 0 |a Neural circuitry. 
650 0 |a Peroxidase  |x Analysis. 
650 0 |a Histochemistry. 
700 1 |a Mesulam, M.-Marsel. 
830 0 |a IBRO handbook series ;  |v v. 1. 
999 |a MARS 
999 f f |s 5f3127a8-c827-3d59-b457-fbe910fd87e2  |i d864aa04-3b39-3e8d-a8d8-ad21709f9bca  |t 0 
952 f f |p ric  |a Texas A&M University  |b Rellis Campus  |c Joint Library Facility  |d Remote Storage  |t 0  |e QM451 .T66  |h Library of Congress classification  |i unmediated -- volume  |m A14806222746 
998 f f |a QM451 .T66  |t 0  |l Remote Storage